|
|
|
|
| LEADER |
00664cam a2200193 7i4500 |
| 001 |
0000017257 |
| 005 |
20060413090000.0 |
| 022 |
0 |
0 |
|a 1394-5572
|
| 090 |
0 |
0 |
|a M 910.259595
|b TEL
|
| 110 |
2 |
0 |
|a Telekom Malaysia Group
|
| 245 |
2 |
0 |
|a 2005/2006 yellow pages :
|b Kedah & Perlis.
|
| 260 |
0 |
0 |
|a Kuala Lumpur:
|b Telekom Publications,
|c 2005.
|
| 300 |
# |
# |
|a 217 p.
|
| 650 |
0 |
0 |
|a Business --
|x Directories --
|z Kedah, Malaysia
|
| 650 |
0 |
0 |
|a Business --
|x Directories --
|z Perlis, Malaysia
|
| 650 |
0 |
0 |
|a Kedah, Malaysia --
|x Yellow pages
|
| 650 |
0 |
0 |
|a Perlis, Malaysia --
|x Yellow pages
|
| 651 |
0 |
0 |
|a Malaysia
|
| 999 |
|
|
|a PNG000414H
|b Directories
|c Malaysia
|e MATRADE Northern Regional Office
|